| 000 | 00720nam a2200193 i 4500 | ||
|---|---|---|---|
| 001 | 115610 | ||
| 003 | ES-MaACL | ||
| 005 | 20230906190517.0 | ||
| 007 | t| | ||
| 008 | 070417s1933 ddr 00010 spa | ||
| 080 | _a94(430)"1918/33" | ||
| 100 | 1 |
_aWegerer, Alfred von. _9116309 |
|
| 245 | 1 | 4 |
_a"La tea incendiaria sobre Europa" : _bfalsificación de fotografías en una revista de emigrantes / _c[texto de Alfred von Wegerer]. |
| 260 |
_aBerlín : _bQuaderverlag, _c1933. |
||
| 300 |
_a2 p., [4] p. de fot. ; _c24 cm. |
||
| 651 | 4 |
_aAlemania- _xHistoria- _y1918-1933. _97661 |
|
| 740 | 3 | 2 | _aLa tea incendiaria sobre Europa: el tercer Reich se arma para un nuevo baño de sangre mundial. |
| 852 | 4 |
_aES-MaACL _j1781-F-19 |
|
| 999 |
_c115610 _d115610 |
||